Tractatus de concursu et privilegiis creditorum in bonis debitoris, et de praelationibus eorum; atque de ordine & gradu, quo solutio fieri debet, cum debitor solvendo non est, & bona eius publicè venduntur: universis iuris professoribus utilissimus, iudicibus, & advocatis summè necessarius; frequentissimus sanè, & quotidianis omnibus iudicijs, & tribunalibus / auctore Licentiato Amatore Rodriguez, in Salmanticensi Insigni Academia anteà iuris professore, & ad plura gravissima negotia regio iudice delegato. In quo praeter observationes Exc. nunc iur. profess. Nicolai Gagliardi proth. apost.

Detalles Bibliográficos
Autor principal: Rodríguez, Amador
Otros Autores: Gagliardus, Nicolas, com, Bertoli, Antonio María, com
Formato: Libro
Lenguaje:Latin
Publicado: Venetiis : apud Turrinum, 1664.
Edición:Nunc recens ipso undequaq[ue] diligentius castigato, & restituto, uberiora prodeunt scholia Antonii Mariae Bertoli, U. I. C. &c. Cum indice, & summarijs, rectiùs, quàm antehàc, concinnatis, & auctis. Adiecta insuper semicenturia recentissimarum S. Rotae Romanae decisionum, ad suos articulos per ipsum elaboratè distributarum
Materias:
Colección:Banco de datos
Acervo:Fondo Bibliográfico Antiguo Víctor Manuel Castillo de la Universidad de Ciencias y Artes de Chiapas
Descripción Física:[19] h., 148 p., [58] h., 72 p. ; f°
Tema general:Derecho civil
Notas:Portada tipográfica con pleca y grabado central xilográfico. Título de la anteportada: Tractatus de concursu, et privilegiis creditorum in bonis debitoris. Auctore Licentiato Amatore Rodriguez. Titulillos: Rodrig. de Concursu Credit. Texto a dos columnas. Incluye cabecera de título en grabado xilográfico. Incluye capitular floreada en grabado xilográfico. Encuadernación en pergamino sobre cartón. Ex libris manuscrito en la portada: ilegible. Inscripción manuscrita en el canto inferior: "Rodrig. de Concursu Credit."
LEADER 02365nam a22002410004500
035 |a 816 
041 0 |a lat 
100 1 |a Rodríguez, Amador 
245 1 0 |a Tractatus de concursu et privilegiis creditorum in bonis debitoris, et de praelationibus eorum; atque de ordine & gradu, quo solutio fieri debet, cum debitor solvendo non est, & bona eius publicè venduntur: universis iuris professoribus utilissimus, iudicibus, & advocatis summè necessarius; frequentissimus sanè, & quotidianis omnibus iudicijs, & tribunalibus / auctore Licentiato Amatore Rodriguez, in Salmanticensi Insigni Academia anteà iuris professore, & ad plura gravissima negotia regio iudice delegato. In quo praeter observationes Exc. nunc iur. profess. Nicolai Gagliardi proth. apost.  
250 |a Nunc recens ipso undequaq[ue] diligentius castigato, & restituto, uberiora prodeunt scholia Antonii Mariae Bertoli, U. I. C. &c. Cum indice, & summarijs, rectiùs, quàm antehàc, concinnatis, & auctis. Adiecta insuper semicenturia recentissimarum S. Rotae Romanae decisionum, ad suos articulos per ipsum elaboratè distributarum  
260 |a Venetiis : apud Turrinum, 1664. 
300 |a [19] h., 148 p., [58] h., 72 p. ; f° 
500 |a Portada tipográfica con pleca y grabado central xilográfico. Título de la anteportada: Tractatus de concursu, et privilegiis creditorum in bonis debitoris. Auctore Licentiato Amatore Rodriguez. Titulillos: Rodrig. de Concursu Credit. Texto a dos columnas. Incluye cabecera de título en grabado xilográfico. Incluye capitular floreada en grabado xilográfico. Encuadernación en pergamino sobre cartón. Ex libris manuscrito en la portada: ilegible. Inscripción manuscrita en el canto inferior: "Rodrig. de Concursu Credit." 
504 |a Al principio de la obra están Index rerum ac verborum y una dedicatoria 
504 |a Al final de la obra está Index uberrimus rerum omnium notabilium operis, alphabetica serie digestus 
505 0 0 |a Decisiones Sacrae Rotae Romanae, ad materiam tractatus, 72 p.  
650 1 0 |a Derecho civil 
700 1 |a Gagliardus, Nicolas, com. 
700 1 |a Bertoli, Antonio María, com. 
949 |a UNICACH, Colección de Víctor Manuel Castillo: 04074 
942 |c CHIACASTI 
943 |g Fondo Bibliográfico Antiguo Víctor Manuel Castillo de la Universidad de Ciencias y Artes de Chiapas 
999 |c 1099112  |d 1099112